000 00236nam a2200097Ia 4500
001 781151
005 20250826170138.0
008 250824s9999 xx 000 0 und d
245 0 _aKIRILMA NOKTASI
_cBARRY BISLER
260 _bMARTI YAYINLARI
999 _c781151
_d781151